Arii i duety iz oper Dž. Verdi

Uložené v:
Podrobná bibliografia
Hlavný autor: Verdi, Giuseppe, 1813-1901 (Composer)
Médium: Zvuková nahrávka
Jazyk:Russian
Vydané: Moskva : Melodija, [s.a.].
Fyzický popis: 1 gramofónová latňa.
Tagy: Pridať tag
Žiadne tagy, Buďte prvý kto otaguje tento záznam!

MARC

LEADER 00000njm a2200000 a 4500
001 000425513
003 SVKKK
005 20130704201358.0
008 130704s ru rus d
028 0 1 |a S 04679-80  |b Melodija 
040 |a SVKKK  |b slo  |c SVKKK  |e AACR2 
041 0 |g rus 
044 |a ru  |c RU 
100 1 |a Verdi, Giuseppe,  |d 1813-1901  |4 cmp 
245 1 0 |a Arii i duety iz oper Dž. Verdi  |h zvukový záznam  |c tenor Zurab Andžaparidze. 
246 3 1 |a Arias and duets form G. Verdi´s operas 
260 |a Moskva :  |b Melodija,  |c [s.a.]. 
300 |a 1 gramofónová latňa. 
511 0 |a Orkestr Bol´šogo teatra SSSR, diriguje Mark Emler 
910 |a svkkk 
998 |a AM 
090 |g SCKHL  |k Sklad Pribinova 1. posch.  |a IIIG.3059  |j 4497  |i 2720351263  |s Prezenčne CD, DVD 
924 |a LP 
924 |a AVM